000 00761nam a2200217 4500
001 VA77263bis
003 ES-SlBCS
005 20210327231215.0
008 150422s1965 sp ||||| |||| 00| 0 spa d
017 _aM-14171-1965
_bOficina Depósito Legal de Madrid
040 _aES-SlBCS
_bspa
_erdc
100 1 _aBernard, A.
_9354718
240 1 0 _aIntroduction a la philosophie thomiste
_sEspañol
245 1 0 _aIniciación en la filosofía tomista
_cA. Bernard, O.P. ; traducción del R.P. Lorenzo de Guzmán, O.P.
260 _aMadrid :
_bStudium
_c, [1965]
300 _a200 p. ;
_c18 cm
594 _aTítulo original: Introduction a la philosophie thomiste
650 0 4 _aFilosofía Tomista
_9132181
700 1 _aGuzmán, Lorenzo de
_941764
942 _2lcc
_cBK
999 _c851848
_d851848